| 000 | 01421cam a2200349 i 4500 | ||
|---|---|---|---|
| 999 |
_c6026 _d6026 |
||
| 001 | (Sirsi) a977312 | ||
| 003 | OSt | ||
| 005 | 20260127105036.0 | ||
| 008 | 170325t20162016enka c 000 f eng d | ||
| 020 |
_a9781405276184 _q(paperback) |
||
| 040 |
_aAU@ _beng _cAU@ _dOCLCO _dOCLCF _dOCLCO _dVP@ _dTAE _dKH8 _erda |
||
| 042 | _anbic | ||
| 082 | _aFIC WOO | ||
| 100 | 1 |
_aWoodfine, Katherine, _eauthor. |
|
| 245 | 1 | 4 |
_aThe jewelled moth / _cKatherine Woodfine. |
| 264 | 1 |
_aLondon _bEgmont, _c2016. |
|
| 264 | 4 | _c©2016. | |
| 300 |
_a334 pages : _billustrations ; _c20 cm. |
||
| 336 |
_atext _btxt _2rdacontent. |
||
| 336 |
_astill image _bsti _2rdacontent. |
||
| 337 |
_aunmediated _bn _2rdamedia. |
||
| 338 |
_avolume _bnc _2rdacarrier. |
||
| 490 |
_aThe Sinclair's Mysteries _vbook 2 |
||
| 520 | _aOur heroines, Sophie and Lil, don cunning disguises, mingle in high society and munch many cucumber sandwiches to solve this curious case. Applaud their bravery as they follow a trail of terrible secrets that leads straight to London's most dangerous criminal mastermind, and put their own lives at risk. It will be the most thrilling event of the season. | ||
| 521 | 1 | _aAges 9-12. | |
| 650 | 0 |
_aTheft _vJuvenile fiction. |
|
| 650 | 0 |
_aWomen detectives _vJuvenile fiction. |
|
| 650 | 0 |
_aUpper class _vJuvenile fiction. |
|
| 700 |
_aSarda, Julia, _eillustrator. |
||
| 830 | _aThe Sinclair's Mysteries | ||
| 942 |
_2ddc _cFIC |
||